| 000 | 00664nam a2200217 4500 | ||
|---|---|---|---|
| 003 | OSt | ||
| 005 | 20240627033853.0 | ||
| 006 | a | ||
| 008 | 240627b |||||||| |||| 00| 0 eng d | ||
| 020 | _a9780470634240 | ||
| 040 |
_aDWCL-Main lib. _cOC |
||
| 082 | _aCirc. 371.334 M284e 2011 | ||
| 100 | _aManiing, Suasan | ||
| 245 | _aThe technology toolbelt for teaching / | ||
| 260 |
_aSan Francisco California : _bJossey-Bass, _cc2011. |
||
| 300 |
_axvi, _b208 p. : ill. ; _c24 cm. |
||
| 504 | _aIncludes bibliographical references & index. | ||
| 650 | _a1. Education technology. | ||
| 650 | _a2. Computer-assisted instruction. | ||
| 942 |
_2ddc _n0 _cBK-CIRC _kCirc. |
||
| 999 |
_c1474 _d1474 |
||